000 00855nam a22002897a 4500
003 CHAP
005 20220329135217.0
008 971013s1965 r 00010 d
010 _a32658
011 _a33630
035 _a37746
040 _cCHAP
082 _a574.55
_bN6Y
100 0 0 _aNoble, Elmer R.
_981523
245 _aParasitología ; biología de los parásitos animales
250 _a2 ed.
260 _aMéxico, D. F. :
_bInteramericana,
_c1965
300 _a675 p.
_b: ilus.
590 _aBATCH-UPD
_b10
_c20130110
_lUCH01
_h1835
590 _aBATCH-UPD
_b10
_c20130410
_lUCH01
_h1207
590 _aBATCH-UPD
_b10
_c20130914
_lUCH01
_h1901
590 _aCONVERSION
_b10
_c20130109
_lUCH01
_h1318
650 1 4 _aParásitos.
_985652
901 _aBK
942 _cLIBRO
949 _a574.55 N6Y
_bBC
_cLIBRO
_d33724000731733
_eLIBRO
_h17552
_i37746
_si
999 _c32658
_d32658